• 首页
  • 本馆介绍
  • 公告通知
  • 最新文献
  • 馆藏检索
  • 电子资源
  • 读者导购
  • 参考咨询
  • 我的图书馆
  • 登录
  • 详细信息显示
  • 放入我的书架
  • 预约/预借图书
  • 作者相关作品
  • 分类相关作品
  • 丛书相关作品
  • 出版社相关作品

书目信息

  • 表格格式
  • 工作单格式
  • 卡片格式
题名:
制浆化工过程与原理
    
 
作者: 张红杰 编著
分册:  
出版信息: 北京   化学工业出版社  2012.10
页数: 263页
开本: 24cm
丛书名:
单 册:
中图分类: TS743
科图分类:
主题词: 化学制浆
电子资源:
ISBN: 978-7-122-14779-0
000 01178nam0 2200253 45
001 1360081515
005 20130530155203.84
010    @a978-7-122-14779-0@dCNY49.00
100    @a20130513d2012 em y0chiy50 ea
101 0  @achi
102    @aCN@b110000
105    @ay z 000yy
106    @ar
200 1  @a制浆化工过程与原理@AZhi Jiang Hua Gong Guo Cheng Yu Yuan Li@dFundamentals of pulp production@zeng@f张红杰[等]编著@FZhang Hong Jie [ Deng ] Bian Zhu
210    @a北京@c化学工业出版社@d2012.10
215    @a263页@d24cm
304    @a编著者还有:李宗全、(加)倪永浩、(加)范哈宁根(A.R.P. van Heiningen)
330    @a本书很好地运用了化工基础理论(热力学、动力学、传质理论和单元操作理论)和化学基础知识,系统地诠释了制浆和漂白工艺与原理,包括化学法制浆的预处理、硫酸盐法制浆化学及动力学、硫酸盐法制浆工艺、纸浆的洗涤、高得率制浆、化学浆的漂白、硫酸盐法蒸煮黑液的回收等内容。针对每个工艺操作单元,基于基本原理逻辑地推论出工艺参数、影响因素分析和对相关设备的要求。
510 1  @aFundamentals of pulp production@zeng
606 0  @a化学制浆
690    @aTS743@v5
701  0 @a张红杰@AZhang Hong Jie@4编著
801    @aCN@bTANGWEI@c20130522
905    @b0833880-83@dTS743@e11@f4
    
    制浆化工过程与原理=Fundamentals of pulp production/张红杰[等]编著.-北京:化学工业出版社,2012.10
    263页;24cm
    
    
    ISBN 978-7-122-14779-0:CNY49.00
    本书很好地运用了化工基础理论(热力学、动力学、传质理论和单元操作理论)和化学基础知识,系统地诠释了制浆和漂白工艺与原理,包括化学法制浆的预处理、硫酸盐法制浆化学及动力学、硫酸盐法制浆工艺、纸浆的洗涤、高得率制浆、化学浆的漂白、硫酸盐法蒸煮黑液的回收等内容。针对每个工艺操作单元,基于基本原理逻辑地推论出工艺参数、影响因素分析和对相关设备的要求。
●
相关链接 在E读中查询图书 在五车中查询图书 在当当中查询图书 在豆瓣中查询图书


正题名:制浆化工过程与原理     索取号:TS743/11         预约/预借

序号 登录号 条形码 馆藏地/架位号 状态 备注
1 0833880   208338805   第二样本阅览室/ [索取号:TS743/11] 在馆    
2 0833881   208338814   第三借阅区/ [索取号:TS743/11] 在馆    
3 0833882   208338823   第三借阅区/ [索取号:TS743/11] 在馆    
4 0833883   208338832   密集书库-化学系/ [索取号:TS743/11] 在馆    
唐山师范学院图书馆 欢迎您!
大连网信软件有限公司© 版权所有